| 000 | 00464nam a22001577a 4500 | ||
|---|---|---|---|
| 999 |
_c60629 _d60629 |
||
| 005 | 20230925151207.0 | ||
| 008 | 230925s1983 gw ||||| |||| 00| 0 ger d | ||
| 041 | _ager | ||
| 080 | _a069 F-46 | ||
| 100 |
_a Feustel, Rudolf _919909 |
||
| 245 |
_aBilder zur Ur- und Frühgeschichte Thüringens _cFeustel, Rudolf . |
||
| 264 |
_aWeimar, _c1983. |
||
| 300 |
_a72 p.: _bill.; _c24 cm. |
||
| 653 | _aტურინგიის ისტორია | ||
| 942 |
_2udc _cBK |
||